| 000 | 01179nam a2200277 a 4500 | ||
|---|---|---|---|
| 001 | 000015509 | ||
| 003 | DO-SdBNP | ||
| 005 | 20240510073818.0 | ||
| 007 | ta | ||
| 008 | 100211s1995 dr g 000 0 spa d | ||
| 040 |
_aDO-SdBNP _bspa _cBNPHU |
||
| 082 | 4 |
_a266.023 _bT183v, 1995 _222 |
|
| 100 | 1 |
_aTardif, Emiliano, _d1928-1999 _935030 |
|
| 245 | 1 | 3 |
_aLa vuelta al mundo sin maleta / _cEmiliano Tardif, José H. Prado Flores. |
| 250 | _a3ª ed. | ||
| 260 |
_aSanto Domingo : _bEdiciones MSC, _c1995. |
||
| 300 |
_a190 p. ; _c22 cm. |
||
| 505 | 0 |
_aIntroducción -- _tI: Tour por el mundo: _tLa vuelta al mundo sin maleta -- _tAmérica Latina -- _tAfrica -- _tEuropa -- _tAustralia -- _tLas islas remotas -- _tCanada -- _tII: Seminario de vida en el espíritu: _tEl amor de Dios -- _tEl pecado -- _tLa salvación en Cristo Jesús -- _tFe y conversión -- _tDon del espíritu -- _tLa comunidad -- _tEnseñarnos a orar. |
|
| 590 | _aInventariado, 2018/ YL | ||
| 650 | 4 |
_aEvangelización _9476 |
|
| 650 | 4 |
_aMisiones _xIglesia católica _935031 |
|
| 650 | 0 |
_aVida cristiana _9668 |
|
| 700 | 1 |
_aPrado Flores, José H. _910971 |
|
| 910 | _aValidado. Control de calidad EMS | ||
| 942 |
_2ddc _cLBS1 |
||
| 999 |
_c15065 _d15065 |
||